Logo BPK

Bibliografia Prac Pracowników

Politechniki Koszalińskiej

Wavelet-based solution for vibrations of a beam on a nonlinear viscoelastic foundation due to moving load / (Rekord nr 6698)

Szczegóły MARC
000 -ETYKIETA REKORDU
podpole kontrolne o stałej długości 01693naa a2200253 i 4500
001 - NUMER KONTROLNY REKORDU
podpole kontrolne 6698
003 - IDENTYFIKATOR NUMERU KONTROLNEGO REKORDU
podpole kontrolne KOSZ 005
005 - DATA OSTATNIEJ MODYFIKACJI REKORDU
podpole kontrolne 20180405134928.0
008 - POLE O STAŁEJ DŁUGOŚCI - DANE KONTROLNE
podpole kontrolne o stałej długości 150327s2013 pl | | |000 ||eng
040 ## - ŹRÓDŁO KATALOGOWANIA
Instytucja, która utworzyła rekord KOSZ 005
Instytucja, która sporządziła opis KOSZ 005
Instytucja, która dokonała modyfikacji KOSZ 005/HR
041 ## - KOD JĘZYKA
Kod języka tekstu eng
Kod języka streszczenia lub abstraktu pol
080 ## - UNIWERSALNA KLASYFIKACJA DZIESIĘTNA - UKD
UKD 519.6
080 ## - UNIWERSALNA KLASYFIKACJA DZIESIĘTNA - UKD
UKD 624.131
100 1# - NAZWA OSOBOWA
Nazwa osobowa HRYNIEWICZ, Zdzisław.
Lata pracy 1996 - .
Instytucja Politechnika Koszalińska - Wydział Inžynierii Lądowej, Środowiska i Geodezji,
Wydział Katedra Matematyki
245 ## - TYTUŁ/ODPOWIEDZIALNOŚĆ
Tytuł Wavelet-based solution for vibrations of a beam on a nonlinear viscoelastic foundation due to moving load /
Pozostałe elementy strefy tytułu i oznaczenia odpowiedzialności Zdzisław Hryniewicz, Piotr Kozioł.
246 31 - WARIANT TYTUŁU
Tytuł Falkowe rozwiązanie problemu drgań belki spoczywającej na nieliniowym lepkosprężystym podłożu generowanych przez poruszające się obciążenie
500 ## - UWAGI OGÓLNE
Tekst uwagi Dane z autopsji.
520 ## - UWAGA DOTYCZĄCA TREŚCI DOKUMENTU
Analiza dokumentacyjna, adnotacja itp. Artykuł prezentuje nowe analityczne rozwiązanie problemu dynamicznej odpowiedzi nieskończenie długiej belki Timoshenki spoczywającej na nieliniowym lepkosprężystym podłożu, poddanej ruchomemu obciążeniu rozłożonemu na odcinku i harmonicznemu w czasie. Analiza drgań belki została przeprowadzona przy użyciu dekompozycji Adomiana połączonej z aproksymacją falkową pozwalającą ominąć trudności związane z numerycznym całkowaniem oraz zminimalizować niedogodności analizy Fouriera.
650 #0 - HASŁO PRZEDMIOTOWE W FORMIE NAZWY OGÓLNEJ LUB JEDNOSTKOWEJ
Nazwa ogólna lub geograficzna Mechanika gruntów.
650 #0 - HASŁO PRZEDMIOTOWE W FORMIE NAZWY OGÓLNEJ LUB JEDNOSTKOWEJ
Nazwa ogólna lub geograficzna Analiza falkowa.
700 1# - HASŁO DODATKOWE - NAZWA OSOBOWA
Nazwa osobowa KOZIOŁ, Piotr.
Lata pracy 1997 - .
Instytucja Politechnika Koszalińska - Wydział Inżynierii Lądowej, Środowiska i Geodezji,
Wydział Katedra Matematyki
773 ## - TYTUŁ DOKUMENTU MACIERZYSTEGO
Wyrażenie wprowadzające W :
Tytuł Journal of Theoretical and Applied Mechanics. -
Informacje dotyczące relacji 2013, Vol. 51, nr 1, s. 225-234
942 ## - HASŁO DODATKOWE - ELEMENTY(KOHA)
Typ dokumentu Po 2012
Schemat klasyfikacji Uniwersalna klasyfikacja dziesiętna
Egzemplarze
Wycofany Zagubiony Uszkodzony Dostępność Lokalizacja stała Lokalizacja bieżąca Sygnatura Typ dokumentu
      Dostępny Bibliografia Prac Pracowników - BPK Bibliografia Prac Pracowników - BPK 034 Po 2012
© 2014 Biblioteka Politechniki Koszalińskiej :: BIBLIOGRAFIA PRAC PRACOWNIKÓW